000 00850nam a2200241 a 4500
001 000012464
003 DO-SdBNP
005 20240412074232.0
008 091113s1996 dr a 000 j spa d
040 _aDO-SdBNP
_bspa
_cBNPHU
082 4 _aRD863.44
_bL453c
100 1 _aLebrón Saviñón, Carlos,
_d1924-
_929195
245 1 0 _aCuentos de amor y misterio /
_cCarlos Lebrón Saviñón; prólogo Ylonka Nacidit-Perdomo.
260 _aSanto Domingo :
_bAmigo del Hogar,
_c1996.
300 _a124 p. :
_bil. ;
_c22 cm.
500 _aIncluye datos biográficos del autor en la solapa de la cubierta.
590 _aInventariado, 2019/BT
650 0 _aCuentos dominicanos
_9176
650 0 _aLiteratura dominicana.
_967
700 1 2 _aNacidit-Perdomo, Ylonka,
_d1965-
_epról.
_924277
910 _aValidado. Control de calidad MFF
942 _2ddc
_cLBS1
999 _c12121
_d12121